00707nam a2200241 a 4500001001300000003000900013005001700022008004100039020001000080082001900090100001700109245002100126260003200147300000900179500003500188505003800223650003300261700001700294902000800311942000700319952012200326999001700448nice12345678IN_TiNIC20260116014946.0050524s1964 dela grp 000 0 eng  ac15000a915.40404bNAI aNaipaul, V S aArea of Darkness aDelhibPenguin Books c1964 a267p aincludes index and biblioraphy2 aThesis of Philip Hassett, 1994-95 aIndia-Travel and Description1 aNaipaul, V S bSRS cBK 001040708StackRoom-aHMIbHMId2007-06-05g150.00l0o915.40404 NAIp11000314r2007-06-05v150.00w2005-05-24yBK c17720d17720